LIBRARY & INFORMATION CENTRE, KCAET, TAVANUR

ONLINE PUBLIC ACCESS CATALOGUE (OPAC)

Coffee vol-6 : commercial and technico-legal aspects / (Record no. 10497)

MARC details
000 -LEADER
fixed length control field 00485cam a2200181ua 4500
020 ## - INTERNATIONAL STANDARD BOOK NUMBER
ISBN 85166 237 5
041 ## - LANGUAGE CODE
Language code of text/sound track or separate title eng
082 ## - DEWEY DECIMAL CLASSIFICATION NUMBER
Classification number 633.73
Item number CLA/CO
100 ## - MAIN ENTRY--AUTHOR NAME
Personal name Clarke, R j .
245 ## - TITLE STATEMENT
Title Coffee vol-6 : commercial and technico-legal aspects /
260 ## - PUBLICATION, DISTRIBUTION, ETC. (IMPRINT)
Place of publication London :
Name of publisher Elsevier applied sciences ,
Year of publication 1990.
300 ## - PHYSICAL DESCRIPTION
Number of Pages 233 ; .
500 ## - GENERAL NOTE
General note ** Reference
700 1# - ADDED ENTRY--PERSONAL NAME
Personal name Macrae, R .
942 ## - ADDED ENTRY ELEMENTS (KOHA)
Koha item type Books
Holdings
Withdrawn status Lost status Damaged status Home library Current library Date acquired Full call number Accession Number Koha item type
      KAUAET KAUAET 07/04/2012 633.73 19650 Reference
free website counter